Szczegóły MARC21
Samorządowy poradnik budżetowy na 2005 rok /
-
- @
- pole kontrolne
- 20070315155141.9
-
- a
- Instytucja, która sporządziła opis (NP)
- SZCZ U
-
- c
- Instytucja, która sporządziła rekord (NP)
- SZCZ U
-
- a
- Język tekstu (P)
- polski
-
- h
- Język tekstu oryginalnego i/lub pośredniego (P)
- polski
-
- c
- Rodzaj dokumentu
- Książka
-
- a
- Miejsce wydania (P)
- Warszawa :
-
- b
- Nazwa wydawcy (P)
- "Municipium",
-
- c
- Data wydania (P)
- 2005.
-
- a
- Określenie formy książki i/lub objętość (NP)
- 334 s. :
-
- c
- Format (NP)
- 24 cm.
-
- a
- Uwaga ogólna (NP)
- Ind
-
- a
- Symbol klasyfikacji
- 342.25(438)
-
- a
- Symbol klasyfikacji
- :336.12(438)
-
- a
- Symbol klasyfikacji
- :351.72(438)
-
- a
- UKD
- 342.25:336.12:351.72](438)
| 005 -DATA I CZAS OSTATNIEJ MODYFIKACJI [,] |
|
|---|---|
| 020 -Międzynarod. znormalizowany nr książki - ISBN [ , ] | |
| 040 -Instytucja sporządzająca opis [ , ] |
|
| 041 -Język dokumentu [0, ] |
|
| 942 -Rodzaj dokumentu [ , ] |
|
| 245 -Strefa tytułu i oznaczenia odpowiedzialności [0, ] | |
| 260 -Strefa adresu wydawniczego [ , ] |
|
| 300 -Strefa opisu fizycznego [ , ] |
|
| 500 -Uwaga ogólna [ , ] |
|
| 080 -Uniwersalna Klasyfikacja Dziesiętna [ , ] |
|
| 080 -Uniwersalna Klasyfikacja Dziesiętna [ , ] |
|
| 080 -Uniwersalna Klasyfikacja Dziesiętna [ , ] |
|
| 980 -Symbol UKD [ , ] |
|
| 700 -Hasło dodatkowe - nazwa osobowa [ , ] | |
| 700 -Hasło dodatkowe - nazwa osobowa [ , ] | |
| 920 -ISBN [ , ] | |
| Lokalizacja | Data inwentaryzacji | Status udost. | Numer inwentarzowy | Sygnatura |
|---|---|---|---|---|
| T | 2005-12-09 | -2 | T.8831 | T.8831 |
| T | 2006-02-15 | -2 | TM.3896 |